000 00542nam a2200169 a 4500
001 000028797
005 20200930055138.0
008 110412s1994 dr 000 0 spa d
040 _aDO-SdBNP
_bspa
_cBNPHU
082 _axxx
_bH542v
100 1 _aHeredia, Natividad
_955774
245 1 0 _aVista de ángulos diferentes "las tiras negras" /
_cNatividad Heredia.
260 _aSanto Domingo :
_bImpresora Soto Castillo,
_c1994.
300 _a41 p. ;
_c21 cm.
500 _aIncluye datos biográficos de la autora en la páginas 9
049 _aBNPD
999 _c28289
_d28289